[Event "77th Tata Steel Chess Masters"]
[Site "Wijk aan Zee"]
[Date "2015.01.18"]
[Round "8"]
[White "Ding, Liren"]
[Black "Saric, Ivan"]
[Result "1-0"]
[WhiteElo "2732"]
[BlackElo "2666"]
[PlyCount "67"]
[EventDate "2015.??.??"]
[EventCountry "NED"]
[TimeControl "40/6000+30:20/3000+30:900+30"]

1. d4 {[%emt 0:00:00]} d5 {[%emt 0:00:00]} 2. c4 {[%emt 0:00:00]} c6 {[%emt 0:
00:00]} 3. Nf3 {[%emt 0:00:00]} Nf6 {[%emt 0:00:00]} 4. e3 {[%emt 0:00:00]} Bg4
{[%emt 0:00:04]} 5. Qb3 {[%emt 0:00:00]} Qb6 {[%emt 0:00:21]} 6. Nc3 {[%emt 0:
00:05]} e6 {[%emt 0:00:04]} 7. Nh4 {[%emt 0:00:04]} Bh5 {[%emt 0:00:50]} 8. h3
{[%emt 0:00:22]} Be7 {172} 9. g4 {94} Bg6 {[%emt 0:00:05]} 10. Nxg6 {70} hxg6 {
[%emt 0:00:04]} 11. Bg2 {[%emt 0:00:11]} g5 {249} 12. O-O {488} Nbd7 {172} 13.
Rd1 {[%emt 0:00:47]} Rd8 {962} 14. cxd5 {667} exd5 {191} 15. Qc2 {[%emt 0:00:
59]} Nf8 {80} 16. e4 {85} Ne6 {121} 17. Be3 {832} Kf8 {514} 18. e5 {737} Nh7 {
[%emt 0:00:56]} 19. b4 {403} Kg8 {193} 20. b5 {[%emt 0:00:48]} Nf4 {570} 21.
Bxf4 {137} gxf4 {[%emt 0:00:05]} 22. bxc6 {[%emt 0:00:03]} Qxc6 {540} 23. Qb3 {
196} f3 {[%emt 0:00:48]} 24. Bxf3 {[%emt 0:00:33]} Ng5 {[%emt 0:00:05]} 25. Bg2
{68} Nxh3+ {1692} 26. Bxh3 {[%emt 0:00:07]} Rxh3 {[%emt 0:00:23]} 27. Nxd5 {
[%emt 0:00:13]} Qxd5 {[%emt 0:00:43]} 28. Qxh3 {[%emt 0:00:07]} Qe4 {[%emt 0:
00:06]} 29. Rac1 {301} Bg5 {[%emt 0:00:07]} 30. Rc3 {286} Bf4 {156} 31. Qd3 {
108} Qd5 {[%emt 0:00:24]} 32. Qf5 {151} Bxe5 {75} 33. Rc8 {[%emt 0:00:29]} f6 {
104} 34. Rdc1 {[%emt 0:00:24]} 1-0

[Event "77th Tata Steel Chess Masters"]
[Site "Wijk aan Zee"]
[Date "2015.01.18"]
[Round "8"]
[White "Hou, Yifan"]
[Black "Aronian, Levon"]
[Result "1/2-1/2"]
[WhiteElo "2673"]
[BlackElo "2797"]
[PlyCount "109"]
[EventDate "2015.??.??"]
[EventCountry "NED"]
[TimeControl "40/6000+30:20/3000+30:900+30"]

1. e4 e5 {[%emt 0:00:00]} 2. Nf3 {[%emt 0:00:00]} Nc6 {[%emt 0:00:00]} 3. Bc4 {
[%emt 0:00:00]} Bc5 {[%emt 0:00:01]} 4. c3 {[%emt 0:00:58]} Nf6 {[%emt 0:00:38]
} 5. d4 {[%emt 0:00:29]} exd4 {[%emt 0:00:08]} 6. cxd4 {[%emt 0:00:05]} Bb4+ {
[%emt 0:00:05]} 7. Bd2 {[%emt 0:00:05]} Nxe4 {[%emt 0:00:18]} 8. Bxb4 Nxb4 {
[%emt 0:00:05]} 9. Bxf7+ {[%emt 0:00:21]} Kxf7 {[%emt 0:00:05]} 10. Qb3+ {
[%emt 0:00:05]} d5 {[%emt 0:00:08]} 11. Ne5+ {[%emt 0:00:07]} Ke6 12. Qxb4 {
[%emt 0:00:08]} Qf8 {[%emt 0:00:28]} 13. Qxf8 {[%emt 0:00:30]} Rxf8 {[%emt 0:
00:05]} 14. f3 {623} Ng5 {224} 15. Nc3 c6 16. h4 {595} Nf7 {[%emt 0:00:34]} 17.
Nd3 {[%emt 0:00:12]} Kd6 {102} 18. Kf2 {118} Nd8 {[%emt 0:00:37]} 19. g3 {717}
Ne6 {408} 20. Ne2 {224} a5 {[%emt 0:00:02]} 21. Ndf4 {205} Ra6 {[%emt 0:00:18]}
22. Rad1 {[%emt 0:00:45]} Rb6 {[%emt 0:00:34]} 23. Rd2 {[%emt 0:00:36]} Rb4 {
[%emt 0:00:16]} 24. Re1 {350} Nxf4 {862} 25. Nxf4 {[%emt 0:00:10]} Rc4 {[%emt
0:00:16]} 26. a3 {492} Bf5 {[%emt 0:00:58]} 27. Re3 {573} b6 {331} 28. Rb3 {661
} b5 {479} 29. Re3 {[%emt 0:00:45]} b4 {[%emt 0:00:38]} 30. Ne2 {123} h5 {242}
31. Ke1 {535} g6 {319} 32. b3 {576} Rc2 {[%emt 0:00:34]} 33. Rxc2 {[%emt 0:00:
05]} Bxc2 {[%emt 0:00:05]} 34. a4 {[%emt 0:00:14]} Bf5 {1009} 35. Nf4 {92} Rc8
{121} 36. Kd2 {279} c5 {302} 37. Re5 {[%emt 0:00:14]} cxd4 {[%emt 0:00:30]} 38.
Rxd5+ {[%emt 0:00:05]} Ke7 {[%emt 0:00:05]} 39. g4 hxg4 {111} 40. fxg4 {[%emt
0:00:00]} Bxg4 {[%emt 0:00:00]} 41. Nxg6+ {771} Kf6 {336} 42. Rxd4 {474} Be6 {
394} 43. Rd6 {158} Kf7 {[%emt 0:00:08]} 44. Ne5+ {[%emt 0:00:33]} Ke7 {[%emt 0:
00:05]} 45. Rd3 {289} Kf6 {60} 46. Nf3 {278} Bg8 {[%emt 0:00:58]} 47. Ng5 {237}
Kf5 {[%emt 0:00:55]} 48. Nf3 {120} Kf6 {[%emt 0:00:38]} 49. h5 {284} Rc5 {117}
50. h6 {[%emt 0:00:06]} Rh5 {95} 51. Rd6+ {124} Ke7 {[%emt 0:00:18]} 52. Ra6 {
[%emt 0:00:20]} Bxb3 {172} 53. h7 {[%emt 0:00:24]} Bxa4 {[%emt 0:00:32]} 54.
Rxa5 {336} Rxh7 {[%emt 0:00:05]} 55. Rxa4 1/2-1/2

[Event "77th Tata Steel Chess Masters"]
[Site "Wijk aan Zee"]
[Date "2015.01.18"]
[Round "8"]
[White "Ivanchuk, Vasil"]
[Black "So, Wesley"]
[Result "0-1"]
[WhiteElo "2715"]
[BlackElo "2762"]
[PlyCount "52"]
[EventDate "2015.??.??"]
[EventCountry "NED"]
[TimeControl "40/6000+30:20/3000+30:900+30"]

1. e4 {[%emt 0:00:00]} e5 {[%emt 0:00:00]} 2. Nf3 {[%emt 0:00:00]} Nc6 {[%emt
0:00:00]} 3. Bb5 {[%emt 0:00:00]} a6 {[%emt 0:00:00]} 4. Ba4 {[%emt 0:00:07]}
Nf6 {[%emt 0:00:00]} 5. O-O {[%emt 0:00:07]} Be7 {[%emt 0:00:00]} 6. Re1 {
[%emt 0:00:05]} b5 {[%emt 0:00:00]} 7. Bb3 {[%emt 0:00:06]} O-O {[%emt 0:00:00]
} 8. h3 {[%emt 0:00:04]} Bb7 {[%emt 0:00:00]} 9. d3 {[%emt 0:00:06]} d5 {[%emt
0:00:00]} 10. exd5 {[%emt 0:00:06]} Nxd5 {[%emt 0:00:00]} 11. Nbd2 {[%emt 0:00:
06]} Qd7 {[%emt 0:00:17]} 12. Nxe5 {[%emt 0:00:31]} Nxe5 {[%emt 0:00:27]} 13.
Rxe5 {[%emt 0:00:01]} Nf4 {[%emt 0:00:01]} 14. Nf3 {541} Nxg2 {[%emt 0:00:08]}
15. Kxg2 {251} a5 {[%emt 0:00:06]} 16. Rxe7 {1438} Qxe7 {[%emt 0:00:05]} 17. c3
{[%emt 0:00:03]} Ra6 {127} 18. d4 {[%emt 0:00:08]} Rf6 {1160} 19. d5 {1165} a4
{[%emt 0:00:15]} 20. Bc2 {[%emt 0:00:02]} Rd8 {[%emt 0:00:18]} 21. Qe1 {[%emt
0:00:05]} Qd7 {[%emt 0:00:06]} 22. Ng5 {328} h6 {1280} 23. Ne4 {[%emt 0:00:09]}
Rg6+ {[%emt 0:00:05]} 24. Kh2 {[%emt 0:00:04]} f5 {[%emt 0:00:02]} 25. Ng3 {
[%emt 0:00:17]} Qxd5 {74} 26. Qg1 {[%emt 0:00:23]} Qf3 {927} 0-1

[Event "77th Tata Steel Chess Masters"]
[Site "Wijk aan Zee"]
[Date "2015.01.18"]
[Round "8"]
[White "Radjabov, Teimour"]
[Black "Wojtaszek, Radoslaw"]
[Result "1-0"]
[WhiteElo "2734"]
[BlackElo "2744"]
[PlyCount "117"]
[EventDate "2015.??.??"]
[EventCountry "NED"]
[TimeControl "40/6000+30:20/3000+30:900+30"]

1. e4 {[%emt 0:00:00]} c5 {[%emt 0:00:00]} 2. Nf3 {[%emt 0:00:00]} d6 {[%emt 0:
00:00]} 3. d4 {[%emt 0:00:00]} cxd4 {[%emt 0:00:00]} 4. Nxd4 {[%emt 0:00:00]}
Nf6 {[%emt 0:00:00]} 5. Nc3 {[%emt 0:00:05]} a6 {[%emt 0:00:00]} 6. h3 {[%emt
0:00:06]} e5 {[%emt 0:00:04]} 7. Nde2 {[%emt 0:00:07]} b5 {[%emt 0:00:08]} 8.
Bg5 {833} Nbd7 {[%emt 0:00:10]} 9. Nd5 {125} Bb7 {[%emt 0:00:10]} 10. Nec3 {564
} Rc8 {[%emt 0:00:33]} 11. Nxf6+ {1519} Nxf6 {357} 12. a4 {96} b4 {301} 13. Nd5
{178} Be7 {2020} 14. Bxf6 {101} Bxf6 {64} 15. Nxb4 {151} O-O {915} 16. c3 {239}
Bxe4 {344} 17. Bxa6 {88} Rc5 {109} 18. O-O {137} Ba8 {[%emt 0:00:05]} 19. Re1 {
442} d5 {191} 20. Bf1 {576} e4 {129} 21. Nc2 {115} Be5 {[%emt 0:00:10]} 22. Nd4
{76} Bb8 {96} 23. g3 {110} Qb6 {610} 24. Qe2 {442} Rcc8 {492} 25. a5 {[%emt 0:
00:24]} Qg6 {[%emt 0:00:40]} 26. Qg4 {163} Qh6 {99} 27. h4 {243} Kh8 {322} 28.
Qg5 {[%emt 0:00:59]} Qd6 {68} 29. Nf5 {232} Qe5 {[%emt 0:00:08]} 30. f4 {250}
h6 {[%emt 0:00:06]} 31. Qxh6+ {[%emt 0:00:33]} gxh6 {[%emt 0:00:05]} 32. fxe5 {
[%emt 0:00:04]} Bxe5 {[%emt 0:00:06]} 33. Be2 {75} Rb8 {75} 34. Ra2 {[%emt 0:
00:09]} Kh7 {254} 35. Rd1 {[%emt 0:00:56]} Rb3 {325} 36. Kf2 {[%emt 0:00:43]}
Rfb8 {[%emt 0:00:44]} 37. Rd2 {[%emt 0:00:05]} Kg6 {64} 38. Ne7+ {82} Kf6 {
[%emt 0:00:44]} 39. Nxd5+ {[%emt 0:00:17]} Bxd5 {[%emt 0:00:06]} 40. Rxd5 {
[%emt 0:00:00]} Rxb2 {[%emt 0:00:00]} 41. Rxb2 {760} Rxb2 {[%emt 0:00:22]} 42.
Ke3 {184} Bxg3 {1277} 43. a6 {994} Bh2 {200} 44. Bc4 {90} Rc2 {388} 45. Kxe4 {
144} Rxc3 {[%emt 0:00:05]} 46. Rf5+ {[%emt 0:00:18]} Kg7 {231} 47. Rxf7+ {228}
Kg6 {[%emt 0:00:03]} 48. Bd5 {305} Bg1 {[%emt 0:00:05]} 49. Rf1 {558} Bc5 {160}
50. Ke5 {[%emt 0:00:53]} Ra3 {87} 51. Rf6+ {[%emt 0:00:13]} Kh5 {376} 52. Rf4 {
[%emt 0:00:10]} Kg6 {[%emt 0:00:08]} 53. Rg4+ {[%emt 0:00:34]} Kh7 {[%emt 0:00:
31]} 54. Be4+ {62} Kh8 {[%emt 0:00:08]} 55. Rg6 {[%emt 0:00:13]} h5 {103} 56.
Rc6 {[%emt 0:00:18]} Bf8 {548} 57. Kf6 {[%emt 0:00:41]} Kg8 {[%emt 0:00:06]}
58. Bd5+ {[%emt 0:00:52]} Kh7 {[%emt 0:00:05]} 59. Kf7 {[%emt 0:00:51]} 1-0

[Event "77th Tata Steel Chess Masters"]
[Site "Wijk aan Zee"]
[Date "2015.01.18"]
[Round "8"]
[White "Van Wely, Loek"]
[Black "Caruana, Fabiano"]
[Result "0-1"]
[WhiteElo "2667"]
[BlackElo "2820"]
[PlyCount "162"]
[EventDate "2015.??.??"]
[EventCountry "NED"]
[TimeControl "40/6000+30:20/3000+30:900+30"]

1. d4 {[%emt 0:00:00]} Nf6 {[%emt 0:00:00]} 2. Nf3 {[%emt 0:00:00]} g6 {[%emt
0:00:00]} 3. Nbd2 {[%emt 0:00:00]} c5 {78} 4. dxc5 {[%emt 0:00:15]} Qa5 {170}
5. a3 {[%emt 0:00:23]} Qxc5 {[%emt 0:00:12]} 6. b4 {[%emt 0:00:08]} Qc7 {243}
7. Bb2 {108} Bg7 {138} 8. c4 {825} d6 {132} 9. g3 {131} b6 {515} 10. Bg2 {290}
Bb7 {[%emt 0:00:05]} 11. O-O {104} O-O {[%emt 0:00:26]} 12. e4 {1427} Nbd7 {
1087} 13. Qe2 {624} Rac8 {87} 14. Rac1 {246} Qb8 {163} 15. Ne1 {77} e6 {911}
16. Nd3 {79} Rfd8 {278} 17. Rfd1 {204} Qa8 {286} 18. f3 {112} Bc6 {118} 19. Nf1
{396} Qb8 {148} 20. Ne3 {124} Bb7 {[%emt 0:00:32]} 21. Rc2 {303} Ba6 {242} 22.
Qe1 {865} Bh6 {436} 23. Nf2 {179} Bg7 {229} 24. Nd3 {64} Re8 {124} 25. Qd2 {205
} Bh6 {460} 26. Nf2 {65} Bxc4 {184} 27. f4 {125} Bb3 {93} 28. Rxc8 {[%emt 0:00:
17]} Rxc8 {[%emt 0:00:04]} 29. Rb1 {[%emt 0:00:11]} e5 {270} 30. Nfg4 {[%emt 0:
00:17]} Bg7 {86} 31. fxe5 {123} dxe5 {[%emt 0:00:05]} 32. Bh3 {[%emt 0:00:51]}
Rd8 {113} 33. Qc3 {[%emt 0:00:39]} Ba2 {119} 34. Rd1 {64} Nxe4 {110} 35. Qc6 {
[%emt 0:00:14]} Ng5 {[%emt 0:00:49]} 36. Bg2 {[%emt 0:00:49]} Be6 {65} 37. h4 {
[%emt 0:00:14]} h5 {[%emt 0:00:16]} 38. hxg5 {[%emt 0:00:24]} hxg4 {[%emt 0:00:
03]} 39. Nd5 {[%emt 0:00:11]} Nf8 {75} 40. Rd2 {[%emt 0:00:00]} Rd7 {[%emt 0:
00:00]} 41. Nf6+ {760} Bxf6 {67} 42. Rxd7 {[%emt 0:00:03]} Nxd7 {134} 43. gxf6
{[%emt 0:00:06]} Nxf6 {201} 44. Qb5 {165} Nd7 {[%emt 0:00:21]} 45. Bc6 {[%emt
0:00:09]} e4 {78} 46. Kg2 {468} Qd6 {77} 47. Bxd7 {[%emt 0:00:19]} Qd2+ {169}
48. Kh1 {343} Qd1+ {322} 49. Kh2 {[%emt 0:00:25]} Qc2+ {[%emt 0:00:12]} 50. Kg1
{[%emt 0:00:19]} Qb1+ {86} 51. Qf1 {[%emt 0:00:08]} Qxb2 {95} 52. Bxe6 {[%emt
0:00:07]} Qd4+ {224} 53. Kh2 {173} fxe6 {[%emt 0:00:44]} 54. Qf4 {[%emt 0:00:
12]} Qb2+ {[%emt 0:00:26]} 55. Kg1 {92} Qb1+ {[%emt 0:00:04]} 56. Kh2 {162}
Qc2+ {[%emt 0:00:06]} 57. Kg1 {[%emt 0:00:08]} Qd1+ {[%emt 0:00:05]} 58. Kh2 {
[%emt 0:00:07]} Qe2+ {[%emt 0:00:30]} 59. Kg1 {[%emt 0:00:09]} Qf3 {[%emt 0:00:
32]} 60. Qb8+ {[%emt 0:00:00]} Kf7 {[%emt 0:00:00]} 61. Qxa7+ {640} Kf6 {[%emt
0:00:21]} 62. Qxb6 {186} Qxg3+ {[%emt 0:00:20]} 63. Kh1 {172} Qh3+ {70} 64. Kg1
{[%emt 0:00:13]} g3 {[%emt 0:00:19]} 65. Qd4+ {233} Kf5 {543} 66. Qd2 {228} Qh8
{598} 67. a4 {217} Qa1+ {249} 68. Kg2 {[%emt 0:00:05]} Qxa4 {161} 69. Kxg3 {
[%emt 0:00:17]} Qb3+ {96} 70. Kh4 {[%emt 0:00:07]} e3 {118} 71. Qd4 {[%emt 0:
00:29]} Qc2 {60} 72. Qg4+ {[%emt 0:00:56]} Ke5 {70} 73. Qg3+ {348} Kd4 {[%emt
0:00:12]} 74. Qd6+ {[%emt 0:00:35]} Kc3 {102} 75. Qc5+ {437} Kd2 {[%emt 0:00:
21]} 76. Qd4+ {79} Qd3 {[%emt 0:00:39]} 77. Qb2+ {[%emt 0:00:33]} Ke1 {[%emt 0:
00:27]} 78. b5 {74} e2 {[%emt 0:00:43]} 79. Qc1+ {[%emt 0:00:40]} Kf2 {[%emt 0:
00:20]} 80. Qf4+ {[%emt 0:00:08]} Qf3 {[%emt 0:00:20]} 81. Qd4+ {107} Kg2 {
[%emt 0:00:10]} 0-1

[Event "77th Tata Steel GpA"]
[Site "Wijk aan Zee NED"]
[Date "2015.01.24"]
[Round "12"]
[White "Ivanchuk, V."]
[Black "Caruana, F."]
[Result "1/2-1/2"]
[WhiteElo "2715"]
[BlackElo "2820"]
[PlyCount "75"]
[EventDate "2015.01.09"]

1. Nf3 Nf6 2. d4 g6 3. c4 Bg7 4. Nc3 d5 5. Bg5 Ne4 6. Bf4 Nxc3 7. bxc3 c5 8.
cxd5 Qxd5 9. e3 cxd4 10. cxd4 O-O 11. Be2 Qa5+ 12. Qd2 Qxd2+ 13. Kxd2 Nc6 14.
Rhc1 Rd8 15. Ke1 Bf5 16. h3 h5 17. Nh4 Bc8 18. Bc4 {Black has some problems
with development and Nxg6 is now a threat. if he is forced to play e6, there
is no doubt he would be worse, but he has a nifty resource at hand.} Nxd4 $1
19. Bc7 (19. exd4 Rxd4 20. Nxg6 Re4+ $1 (20... Rxc4 21. Nxe7+ Kf8 22. Rxc4 Bxa1
23. Nxc8 {does not work.}) 21. Be3 Bxa1 22. Bd5 Rxe3+ 23. fxe3 Bf6 {And Black
has no problems, to say the least.}) 19... Rd7 20. exd4 Rxd4 {Both the bishop
on c4 and the knight on h4 are hanging! This is the tactical point.} 21. Nxg6
Re4+ $1 (21... Rxc4 22. Rxc4 Bxa1 23. Nxe7+ Kh7 24. Rh4 $14) 22. Kf1 Bxa1 23.
Bd5 Bf5 (23... Re6 {was also good enough, but the solution that Caruana chose
is more natural.}) 24. Bxe4 Bxe4 25. Nxe7+ Kf8 26. Rxa1 Bd3+ {necessary to
avoid the pin on the e-file.} 27. Kg1 Kxe7 28. Re1+ {Sadly, at the end of
everything we reached and endgame that is very clearly drawn.} Kf6 29. Bg3 Rc8
30. Bh4+ Kg7 31. Re3 Bg6 32. Bg3 Rc4 33. f3 Bf5 34. Re7 Be6 35. Rxb7 Ra4 36.
Rb5 Kg6 37. Be1 Rxa2 38. Ra5 1/2-1/2

[Event "77th Tata Steel GpA"]
[Site "Wijk aan Zee NED"]
[Date "2015.01.25"]
[Round "13"]
[White "Caruana, F."]
[Black "Vachier Lagrave, M."]
[Result "0-1"]
[WhiteElo "2820"]
[BlackElo "2757"]
[PlyCount "70"]
[EventDate "2015.01.09"]

1. e4 c5 2. Nf3 d6 3. d4 cxd4 4. Nxd4 Nf6 5. Nc3 a6 6. h3 {Caruana uses the
same line that he used against Hou Yifan earlier in the tournament.} e5 7. Nde2
h5 8. g3 Be6 {It's MVL that deviates from the aforementioned game. Hou Yifan
decided to develop her other bishop instead.} 9. Bg2 Nbd7 10. a4 Be7 11. O-O
Rc8 12. Be3 (12. a5 {was Motylev-Wojtaszek from October of last year, which
ended in a draw.}) 12... Nb6 13. b3 d5 {The position is rather strange. It
would seem as if White has put all his resources into preventing d5, but Black
played it anyways. Tactics usually willl leave White with an extra pawn, that
because of his resulting dark squared weaknesses this does not always
translate into an advantage.} 14. Bxb6 (14. a5 d4 15. axb6 (15. Nxd4 exd4 16.
Bxd4 Na8 17. e5 {is a piece sacrifice that might not be so bad. Black has some
problems as long as his knight remains on a8.}) 15... dxe3 $17) 14... Qxb6 15.
Nxd5 Nxd5 16. exd5 Bd7 {Caruana has an extra pawn, that part is clear; however
MVL has the pair of bishops and his dark-squared one is specially unopposed.
With precise play it might be possible to be better with White, but from a
practical persepective I would say playing with Black is already easier.} 17.
c4 Qd6 18. a5 f5 {Perhaps 18.a5 was not the best, but I find it hard to
suggest anything better. At the moment Black has the real threat of h4,
shattering the kingside pawn structure.} (18... h4 19. g4 f5 {is also
interesting, but nowhere near as good.}) 19. Qd3 h4 20. g4 {a countersacrifice,
mainly to obtain the e4 square.} O-O $1 {Initiative over everything!} 21. Nc3 (
21. gxf5 Bxf5 22. Qe3 (22. Be4 Qg6+ $19) 22... Qg6 {with Bc5 next move gives
Black at least adequate compensation.}) 21... e4 22. Qe3 Bd8 $1 {A beautiful
maneuver! With the h2-b8 diagonal weakened the bishop hurries to support an
invasion on the h2 square. Such queen with be absolutely lethal, so Caruana
enters panic mode.} 23. Bxe4 $5 {Sacrificing a bishop for two pawns and the
possibility to play f4, plugging in the diagonal.} (23. f4 exf3 24. Rxf3 Bc7 {
does not improve the situation, White can pretend to defend for a few moves
but ultimately his darksquares would be his demise. For example:} 25. g5 Rfe8
$1 26. Qf2 Qh2+ 27. Kf1 Bd6 {with Bc5 next move and a huge attack.}) 23... fxe4
(23... Bc7 {first might have been a tad more accurate, for example} 24. f4 fxe4
25. Nxe4 Rce8 $17) 24. Nxe4 Qf4 {Since f4 is no longer a possibility White has
to trade queens. His three pawns do not provide enough compensation for the
piece; the bishops are too powerful.} 25. Qxf4 Rxf4 26. f3 Be7 27. Kf2 Rcf8 28.
Ke3 Be8 29. c5 Bb5 {White's position is falling apart.} 30. b4 (30. Rf2 Rxe4+
$19 31. Kxe4 Bxc5 {White is getting mated.}) 30... Rxe4+ $1 31. Kxe4 Re8 $1 {
The start of a precise finish. White is getting mated on the center of the
board!} 32. Kf4 g5+ 33. Kf5 Kf7 34. Rfe1 (34. Rad1 Bd7+ 35. Ke4 Bxc5+ {would
only prolong White's suffering.} 36. Kd3 Bb5+ 37. Kc3 Re3+ 38. Kd2 Bxf1 $19)
34... Bd3+ 35. Re4 Bf6 {White resigned: there is no good way of stopping Re5
checkmate on the next move! A brilliant play by MVL!} 0-1

[Event "77th Tata Steel GpA"]
[Site "Wijk aan Zee NED"]
[Date "2015.01.25"]
[Round "13"]
[White "So, W."]
[Black "Van Wely, L."]
[Result "1-0"]
[WhiteElo "2762"]
[BlackElo "2667"]
[PlyCount "63"]
[EventDate "2015.01.09"]

1. d4 Nf6 2. c4 e6 3. Nf3 c5 4. d5 d6 5. Nc3 exd5 6. cxd5 g6 7. Bf4 a6 8. a4
Bg7 9. h3 O-O 10. e3 Nh5 11. Bh2 f5 12. Be2 f4 13. Qd2 Bh6 14. e4 Bg7 15. O-O
Nd7 16. Ne1 Ndf6 17. Nd3 Qe8 18. Rfe1 g5 19. e5 dxe5 20. d6 Kh8 21. Bd1 g4 22.
Rxe5 Qg6 23. Nxf4 Nxf4 24. Bxf4 gxh3 25. Rg5 Qf7 26. Be5 Bd7 {Van Wely's
operations on the kingside completely backfired; if anyone is attacking the
opposing king it would be White. So finds a beautiful solution to continue the
pressure.} 27. Bb3 $1 Be6 (27... Qxb3 28. Rxg7 Kxg7 29. Qg5+ Kh8 30. Bxf6+ Rxf6
31. Qxf6+ Kg8 32. Re1 {Black's isolated king is helpless against the multiple
threats; the queen has no time to return to his aid.} Qf7 33. Qxf7+ Kxf7 34.
Re7+ $18) 28. Bxe6 Qxe6 29. Re1 Qf7 30. Nd5 {There are more pins than anyone
can count. Black cannot hope to hold his position together.} Nh5 31. Bxg7+ Nxg7
32. Re7 1-0

[Event "77th Tata Steel GpA"]
[Site "Wijk aan Zee NED"]
[Date "2015.01.25"]
[Round "13"]
[White "Aronian, L."]
[Black "Ding Liren"]
[Result "0-1"]
[WhiteElo "2797"]
[BlackElo "2732"]
[PlyCount "110"]
[EventDate "2015.01.09"]

1. c4 g6 2. d4 Nf6 3. Nc3 Bg7 4. e4 d6 5. Nf3 O-O 6. h3 e5 7. d5 Nh5 8. g3 f5
9. exf5 gxf5 10. Ng5 Qe8 {This continuation is actually very rare. Ding Liren
had played it once before, but a draw against a 2245 player was hardly a
fantastic result with it.} 11. c5 (11. Bg2 e4 12. O-O Na6 $13 {Wang Yiye -
Ding Lirne, Chinese Team Championship 2013.}) 11... Nf6 12. Bb5 {already a new
move.} Qe7 {The KID is a hard opening to explain sometimes. Black has not
started developing his queenside, White has developed all over the board but
hasn't castled... it's just messy everywhere. Aronian has the choice between
0-0, which looks dangerous to an eventual f4, or...} 13. g4 $5 {Black cannot
afford to open the kingside since White has so many pieces aiming in that
direction, but he can continue his development.} Na6 {Ignoring White's ideas
for now seems best.} 14. Ne6 Bxe6 15. dxe6 Nxc5 16. g5 (16. gxf5 d5 {gives
Black an initiative over the center, but maybe White can compensate by
creating threats on the kingside. It would be a strange position for sure.})
16... Ne8 17. Nd5 Qxe6 {Black's two pawns up, and White really needs to prove
some kind of compensation very quickly. To me, this seems impossible.} 18. b4 (
18. Bc4 Kh8 19. Nb6 d5 $1 $19) 18... Ne4 19. Bxe8 Qxe8 20. f3 (20. Nxc7 Qc6 {
forces White to go into a lost endgame with Qd5+ as Nxa8 fails to Qc3+.}) 20...
Ng3 21. Rg1 f4 (21... Qh5 $1 {Seemed even stronger as the knight cannot be
taken and Black removes the threat of Nxc7.}) 22. Nxc7 Qe7 23. Qb3+ Kh8 24. Ne6
(24. Nxa8 e4 {is simply suicidal. a1 is hanging, exf3 is almost checkmate...})
24... Rfe8 25. Nxg7 Kxg7 26. Bb2 Qxg5 27. Rd1 Rad8 {Aronian keeps fighting for
a while, but Black here has the better position and is up two pawns.} 28. Rd5
Qf5 29. Kd2 Qxh3 {Three pawns now...} 30. Kc1 Qf5 31. Bc3 h5 32. Kb2 h4 33. Qd1
h3 34. Qd2 Kf7 35. Re1 Qf6 36. Qc2 Nf5 37. Rd2 Rg8 38. Qe4 b6 39. Rh1 Rh8 40.
Qb7+ Qe7 41. Qa6 Ng3 42. Rhh2 Rd7 43. Rc2 Rc7 44. Qd3 Qe6 45. Ka3 Nf5 46. Bd2
Rxc2 47. Qxc2 Nd4 48. Qd3 Qd5 49. Kb2 b5 50. Bc3 Qxf3 51. Qb1 Qg3 52. Rd2 h2
53. Bxd4 h1=Q 54. Qf5+ Ke7 55. Qc2 Qd5 0-1